000 00545nam a2200193 a 4500
001 1772189679336
003 YourLibrary
005 20260227162635.0
008 260227s2010##################000#0#eng##
020 _a9780521126458
082 0 4 _a324.200954
_bBUE
100 1 _aMesquita, Bruce Bueno de,
_eauthor.
245 1 0 _aStrategy, Risk and Personality in Coalition Politics :
260 _bCambridge University Press,
_c2010.
300 _a212 pages
650 0 _aHistory.
942 _cENGLISH
040 _aYourLibrary
_beng
_cYourLibrary
999 _c616062
_d616062